000 00286nam a2200121Ia 4500
008 221030s9999 xx 000 0 und d
041 _aEnglish
100 _aM. Mitchell
245 3 _aAn Introduction To Genetic Algorithms
_cby M. Mitchell
260 _c0
650 _aMc
942 _cBK
999 _c16894
_d16894